000 00578nam a2200193 4500
005 20241023111959.0
010 _aENG-142279
020 _c995.00
_a9788192375205
035 _aEN-125812
037 _bDBAD
082 _a320.954
100 _aSrinivas, V.
_973190
245 _aG20@2023 The Roadmap to Indian Presidency/
_bV. Srinivas
250 _aFirst
260 _bPentagon Press LLP
_aNew Delhi
_c2023
270 _a206,Peacock Lane,Shahpur Jat
_bNew Delhi
_e110049
_k01164706243
300 _a283p.
_c24cm(hb)
942 _2ddc
_cEN
_h320.954
_mSRI
_e2023
999 _c206593
_d206593